Cities in Wyoming by pictures - Statistics

General Stats
  • This quiz has been taken 16 times
  • The average score is 5 of 16
Answer Stats
Picture Answer % Correct
Casper
85%
Cheyenne
85%
Laramie
46%
Cody
38%
Gillette
38%
Lander
38%
Rock Springs
38%
Jackson
23%
Pinedale
23%
Rawlins
23%
Evanston
15%
Lusk
15%
Douglas
8%
Kemmerer
8%
Basin
0%
Green River
0%
No matching quizzes found
Score Distribution
Percent of People with Each Score
Percentile by Number Answered
Your Score History
You have not taken this quiz